| 000 | 00692nam a2200193 a 4500 | ||
|---|---|---|---|
| 001 | 1192 | ||
| 005 | 20140414132000.0 | ||
| 008 | 041109s19uu xx 00 eng d | ||
| 050 |
_aTR 813.08 _bL41 1991 |
||
| 100 | _aLaw, Felicia | ||
| 245 |
_aLearn about taste and smell / _cstory by Felicia Law ; illustrations by Steve Smallman, Shirley Tourret. |
||
| 260 |
_aU.K : _bWorld Book, _c1991. |
||
| 300 | _ap. : ill. ; cm. | ||
| 440 | _aEarly World of Learning-Poldy | ||
| 520 | _aPoldy and his friends fell hungray they land in the forest where Wagtail, Crow and Seagull find plenty of tasty food to eat. | ||
| 650 |
_aSenses _xFiction. |
||
| 650 | _aChildren stories. | ||
| 999 |
_c113038 _d113038 |
||